|
|
|
|
| LEADER |
00000cam a2200000 a 4500 |
| 001 |
vtls008159609 |
| 003 |
SK-MaSNL |
| 005 |
20260425223817.0 |
| 008 |
220509s2004 xo oc grbdn 001 0 slo |
| 015 |
|
|
|a SNBA2005/08-02841
|
| 020 |
|
|
|a 808888456X
|q (brožované)
|
| 035 |
|
|
|a urn:nbn:sk:snk-am00gfti
|
| 035 |
|
|
|a urn:nbn:sk:snk-am3j3xu
|
| 035 |
|
|
|a 6EBE6297-B03B-40B5-BE11-09EEB5DA8D09
|
| 040 |
|
|
|a SNK
|b slo
|c SNK
|e AACR2
|
| 041 |
0 |
|
|a slo
|
| 043 |
|
|
|a e-xo---
|
| 044 |
|
|
|a xo
|c SK
|
| 072 |
|
7 |
|a 785
|x Inštrumentálna hudba. Symfonická hudba. Hudba pre viac nástrojov
|2 konspekt
|
| 072 |
|
7 |
|a 01
|x Bibliografia. Katalógy
|2 konspekt
|
| 080 |
|
|
|a 782/785
|2 2001
|
| 080 |
|
|
|a 78.082.4
|2 2011
|
| 080 |
|
|
|a 78.071-055.1
|2 2011
|
| 080 |
|
|
|a 780.6
|2 2011
|
| 080 |
|
|
|a 780.614.332
|2 2011
|
| 080 |
|
|
|a 78
|2 2011
|
| 080 |
|
|
|a 780.614.333
|2 2011
|
| 080 |
|
|
|a 780.614.334
|2 2011
|
| 080 |
|
|
|a 681.817.41
|2 2001
|
| 080 |
|
|
|a 780.614.131
|2 2011
|
| 080 |
|
|
|a 780.613
|2 2011
|
| 080 |
|
|
|a 780.616.41
|2 2011
|
| 080 |
|
|
|a (437.6)
|2 2011
|
| 080 |
|
|
|a (01)
|2 2011
|
| 080 |
|
|
|a 012
|2 2011
|
| 080 |
|
|
|a (01)-048.58
|2 2011
|
| 080 |
|
|
|a (031)929
|2 2011
|
| 245 |
0 |
0 |
|a Slovník slovenského koncertného umenia
|n II.
|b husle, viola, violončelo, kontrabas, gitara, lutna, harfa, cimbal
|c [autori textov: Juraj Alexander ... [et al.] ; fotografie: Ctibor Bachratý ... [et al.]]
|
| 250 |
|
|
|a 1. vyd.
|
| 260 |
|
|
|a Bratislava
|b Hudobné centrum
|c 2004
|
| 300 |
|
|
|a 199 strán
|b fotografie, portréty
|c 21 cm
|
| 366 |
|
|
|e 300 kusov
|
| 500 |
|
|
|a Obsahuje zoznam skratiek
|
| 504 |
|
|
|a Obsahuje bibliografické odkazy ; menný register
|
| 650 |
0 |
7 |
|a vážna hudba
|2 SNKPH
|9 3218
|
| 650 |
0 |
7 |
|a koncerty
|2 SNKPH
|9 19182
|
| 650 |
0 |
7 |
|a hudobníci
|2 SNKPH
|9 3189
|
| 650 |
0 |
7 |
|a hudobné nástroje
|2 SNKPH
|9 3930
|
| 650 |
0 |
7 |
|a husle
|2 SNKPH
|9 19562
|
| 650 |
0 |
7 |
|a viola
|2 SNKPH
|9 85308
|
| 650 |
0 |
7 |
|a hudba
|2 SNKPH
|9 1063
|
| 650 |
0 |
7 |
|a koncertné umenie
|2 SNKPH
|9 351081
|
| 650 |
0 |
7 |
|a violončelo
|2 SNKPH
|9 73360
|
| 650 |
0 |
7 |
|a kontrabas
|2 SNKPH
|9 150374
|
| 650 |
0 |
7 |
|a gitara
|2 SNKPH
|9 83752
|
| 650 |
0 |
7 |
|a lutna
|2 SNKPH
|9 112226
|
| 650 |
0 |
7 |
|a cimbal
|2 SNKPH
|9 69569
|
| 650 |
0 |
7 |
|a harfa
|2 SNKPH
|9 112285
|
| 651 |
|
7 |
|a Slovensko
|2 SNKPHgeo
|9 14231
|
| 655 |
|
7 |
|a bibliografie
|2 SNKPH
|9 28668
|
| 655 |
|
7 |
|a personálne bibliografie
|2 SNKPH
|9 70198
|
| 655 |
|
7 |
|a výberové bibliografie
|2 SNKPH
|9 70561
|
| 655 |
|
7 |
|a biografické slovníky
|2 SNKPH
|9 51960
|
| 700 |
1 |
|
|a Alexander, Juraj,
|d 1944-
|4 aut
|9 102004
|
| 700 |
1 |
|
|a Bachratý, Ctibor,
|d 1955-2023
|4 pht
|9 89935
|
| 919 |
|
|
|a 80-88884-56-X
|
| 958 |
|
|
|a TL
|
| 958 |
|
|
|a PB
|
| 958 |
|
|
|a SF
|
| 958 |
|
|
|a NB
|
| 958 |
|
|
|a OND
|
| 999 |
|
|
|c 596185
|d 598115
|
| 952 |
|
|
|a SNK
|b SNK
|y PREZ
|7 0
|p 17A0472553
|o snkSC 115755/2
|i snk2005/10078
|8 0
|0 0
|1 0
|4 0
|d 2005-06-10
|f 1
|l 0
|r 2025-10-16 00:00:00
|w 2026-02-23
|
| 952 |
|
|
|a SNK
|b SNK
|y VYP
|7 0
|p 17A0472528
|o snkSC 115755/2 D1
|i snk2005/10093
|8 0
|0 0
|1 0
|4 0
|d 2005-06-10
|l 0
|r 2026-02-23 15:39:11
|w 2026-02-23
|